| 000 | 00333nam a22001457a 4500 | ||
|---|---|---|---|
| 003 | SGT | ||
| 020 | _a9788175741973 | ||
| 082 |
_a070 _bR10B |
||
| 100 | _aBURDHAN, ANAND | ||
| 245 | _aREDISCOVERING INDIAN MUSEOLOGY AND CONSERVATION | ||
| 260 |
_bSUNDEEP PRAKASHAN _c2010 |
||
| 300 | _a189 | ||
| 650 | _aJOURNALISM | ||
| 942 |
_2ddc _cBK |
||
| 999 |
_c28707 _d28707 |
||